El error de hecho en el matrimonio canónico: la equivocación en el matrimonio
Tallennettuna:
| Päätekijä: | |
|---|---|
| Aineistotyyppi: | Kirja |
| Kieli: | espanja |
| Julkaistu: |
Pamplona
Aranzadi
1979
|
| Aiheet: | |
| Tagit: |
Lisää tagi
Ei tageja, Lisää ensimmäinen tagi!
|
MARC
| LEADER | 00000nam a2200000 a 4500 | ||
|---|---|---|---|
| 001 | UCV3277 | ||
| 003 | CL-VaPUC | ||
| 008 | 930510e19790000SP |||||||||||||||||spa|d | ||
| 082 | 0 | 4 | |a 262.94 |b ARI |2 21 |
| 100 | 0 | |a Ariznabarreta Ugalde, Gerardo María |e author |9 297551 | |
| 245 | 1 | 3 | |a El error de hecho en el matrimonio canónico: la equivocación en el matrimonio |
| 300 | |a 278 p | ||
| 942 | |c BK | ||
| 945 | |d 19930510 00:00:00 | ||
| 260 | |a Pamplona |b Aranzadi |c 1979 | ||
| 650 | 7 | |a MATRIMONIO |2 CL-VaPUC |9 297552 | |
| 650 | 7 | |a DERECHO CANONICO |2 CL-VaPUC |9 297553 | |
| 650 | 7 | |a IMPEDIMENTOS DE MATRIMONIO |2 CL-VaPUC |9 258751 | |
| 583 | |a last modification |c 19930510 00:00:00 |k Rodrigo Vera | ||
| 999 | |c 210562 |d 210560 | ||
| 952 | |0 0 |1 0 |4 0 |6 262_940000000000000_ARI_1979 |7 0 |8 A |9 186913 |a BIBDER |b BIBDER |d 2019-11-14 |i 2545152 |o 262.94 ARI 1979 |p 2545152 |r 2023-01-25 |w 2019-11-14 |y BK |k DER | ||